Sports Quiz

Random Sports or Football Quiz

Previous Clubs of Chelsea players Quiz Stats

 Plays Quiz not verified by Sporcle

Score 0/20 Timer 04:00
0 Plays Today
Hint Answer % Correct
Cesc FàbregasBarcelona
98.6%
Eden HazardLille
94.3%
Diego CostaAtletico Madrid
92.9%
Filipe LuisAtletico Madrid
87.1%
Gary CahillBolton Wanderers
81.4%
Nemanja MatićBenfica
78.6%
Mark SchwarzerFulham
78.6%
Loïc RémyQueens Park Rangers
78.6%
Didier DrogbaGalatasaray
75.7%
Mohamed SalahBasel
71.4%
Hint Answer % Correct
RamiresBenfica
64.3%
André SchürrleBayer Leverkusen
64.3%
Petr ČechRennes
61.4%
César AzpilicuetaMarseille
58.6%
Thibaut CourtoisGenk
52.9%
Kurt ZoumaSaint Etienne
48.6%
WillianAnzhi Makhachkala
48.6%
Branislav IvanovićLokomotiv Moscow
44.3%
OscarInternacional
41.4%
John Obi MikelLyn
41.4%

You're not logged in!

Compare scores with friends on all Sporcle quizzes.
OR
Log In

Sporcle TV

Today on Sporcle TV


Watch our educational content, quiz creation guides, and fun videos on Sporcle TV.

Show Comments

Extras

Top Quizzes Today


Score Distribution

Your Account Isn't Verified!

In order to create a playlist on Sporcle, you need to verify the email address you used during registration. Go to your Sporcle Settings to finish the process.

Report this User

Report this user for behavior that violates our Community Guidelines.

Details: